Historia de Montánchez (Record no. 186191)

MARC details
000 -LEADER
campo de control de longitud fija 01402nam a2200313 i 4500
001 - NÚMERO DE CONTROL
campo de control 186191
003 - IDENTIFICADOR DE NÚMERO DE CONTROL
campo de control SpMaBN
005 - FECHA Y HORA DE LA ÚLTIMA TRANSACCIÓN
campo de control 20231209132747.0
008 - DATOS DE LONGITUD FIJA--INFORMACIÓN GENERAL
campo de control de longitud fija 160915s2008 sp aho |||| |dspa d
020 ## - NÚMERO INTERNACIONAL ESTÁNDAR DEL LIBRO
Número Internacional Estándar del Libro 978-84-92473-15-1
080 ## - NÚMERO DE LA CLASIFICACIÓN DECIMAL UNIVERSAL
Número de la Clasificación Decimal Universal 94(460.251 Montánchez)
100 1# - ENTRADA PRINCIPAL--NOMBRE DE PERSONA
Nombre de persona Jiménez Gómez, Hilario,
Fechas asociadas al nombre 1974-
9 (RLIN) 158180
245 10 - MENCIÓN DEL TÍTULO
Título Historia de Montánchez
Resto del título : desde sus orígenes hasta el siglo XXI /
Mención de responsabilidad, etc. Hilario Jiménez Gómez.
260 ## - PUBLICACIÓN, DISTRIBUCIÓN, ETC.
Lugar de publicación, distribución, etc. [Cáceres] :
Nombre del editor, distribuidor, etc. Institución Cultural "El Brocense" ;
Lugar de publicación, distribución, etc. [Montánchez, Cáceres] :
Nombre del editor, distribuidor, etc. Ayuntamiento de Montánchez,
Fecha de publicación, distribución, etc. [2008]
300 ## - DESCRIPCIÓN FÍSICA
Extensión 721, [10] p. :
Otras características físicas il., fot. col. y n., ;
Dimensiones 24 cm.
500 ## - NOTA GENERAL
Nota general Incluye reprod. de: Historia de Montánchez / escrita por el Dr. D. Tirso Lozano y Rubio, 1894 (p. 37-409)
500 ## - NOTA GENERAL
Nota general Cronología.
505 8# - NOTA DE CONTENIDO CON FORMATO
Nota de contenido con formato Contiene: ;
Título "Historia de Montánchez en verso" ;
-- Heráldica de Montánchez
651 #7 - PUNTO DE ACCESO ADICIONAL DE MATERIA--NOMBRE GEOGRÁFICO
Nombre geográfico Montánchez-
Subdivisión general Historia.
9 (RLIN) 160884
700 1# - ENTRADA AGREGADA--NOMBRE PERSONAL
Nombre de persona Lozano Rubio, Tirso.
9 (RLIN) 74465
710 2# - ENTRADA AGREGADA--NOMBRE DE ENTIDAD CORPORATIVA
Nombre de entidad corporativa o nombre de jurisdicción como elemento de entrada Institución Cultural "El Brocense"
9 (RLIN) 4713
710 1# - ENTRADA AGREGADA--NOMBRE DE ENTIDAD CORPORATIVA
Nombre de entidad corporativa o nombre de jurisdicción como elemento de entrada Montánchez.
Unidad subordinada Ayuntamiento.
9 (RLIN) 158181
740 02 - ENTRADA AGREGADA--TÍTULO RELACIONADO/ANALÍTICO NO CONTROLADO
Título relacionado o analítico no controlado Historia de la noble y leal villa de Montánchez.
852 ## - LOCALIZACIÓN
Ubicación ES-MaACL
Número de control de estantería A-13944
itemnumber 193245
Sublocalización o colección R.151357
Ubicación en estantería Depósito 1
Signatura antigua Olim: N-6944
Donativo/Legado Donación: José Lázaro
903 ## - NOMBRE PERSONAL DE DONANTE
9 234219
a Lázaro García, José
e Donante
942 ## - ELEMENTOS DE ENTRADA SECUNDARIOS (KOHA)
Fuente del sistema de clasificación o colocación Clasificación decimal universal
Tipo de ítem Koha Libro impreso
Holdings
Estatus retirado Estado de pérdida Fuente del sistema de clasificación o colocación Estado de daño No para préstamo Biblioteca de origen Biblioteca actual Ubicación en estantería Fecha de adquisición Fuente de adquisición Total de préstamos Signatura topográfica completa Código de barras Visto por última vez Precio de reemplazo Tipo de ítem Koha
    Clasificación decimal universal     Biblioteca del Ateneo de Madrid Biblioteca del Ateneo de Madrid Depósito 1 15/09/2016 Donación   A-13944 1196301 23/02/2023 23/02/2023 Libro impreso